| 000 | 00590cas a22002295a 4500 | ||
|---|---|---|---|
| 001 | L61 | ||
| 008 | 070614c2003 xxkmr p 0 a0eng | ||
| 022 | 1 | _a1741-3761 | |
| 035 | _a(Sirsi) u99108 | ||
| 041 | 0 | _aeng | |
| 110 | 2 |
_aInstitute of Clerks of Works _92671 |
|
| 245 | _aSite Recorder | ||
| 260 |
_aPeterborough _bInstitute of Clerks of Works _c2003- |
||
| 362 | 0 | _a120(1442) June 2003- | |
| 520 | _aKept for one year | ||
| 554 | _a12 per year | ||
| 651 | 4 |
_aUnited Kingdom _y |
|
| 690 | _aBUILT ENVIRONMENT | ||
| 780 | 0 | 0 | _tOn Site News |
| 942 | _n0 | ||
| 948 | _c16/02/1994 | ||
| 999 |
_c118658 _d118658 |
||